| 000 | 01388nam a22002537a 4500 | ||
|---|---|---|---|
| 005 | 20230612100445.0 | ||
| 008 | 230612b ||||| |||| 00| 0 eng d | ||
| 020 | _a8176351962 | ||
| 040 | _cAL | ||
| 041 | _aeng | ||
| 082 |
_223 _a005.268 _bROBS |
||
| 100 |
_aLyn Robinson _9123599 |
||
| 245 | _aSams Teach Yourself Database Programming with Visual C++ 6 in twenty one Days | ||
| 260 |
_aNew Delhi _bTechmedia _c1999 |
||
| 300 |
_axvi,570p. _bPB _c23x18cm. |
||
| 365 |
_2Computer Science _b270.00 _c₹ _d270.00 |
||
| 520 | _aIn only 21 days, you'll have all the skills you need to get up and running efficiently. With this complete tutorial, you'll master the basics of database programming and then move on to the more advanced features and concepts. Understand the fundamentals of database programming in Visual C++. Master all the new and advanced database features that Visual C++6 offers. Learn how to effectively use the latest tools and features of Visual C++ for database programming by following practical, real-world examples. Get expert tips from a leading authority for programming your databases with Visual C++ 6 in the corporate environment. | ||
| 650 |
_aDatabase Technology _9123600 |
||
| 650 |
_aDatabase Development _9123601 |
||
| 650 |
_aDatabase Design _9123602 |
||
| 650 |
_aDatabase Servers _9123603 |
||
| 700 |
_aROBINSON (Lyn) _9123604 |
||
| 942 |
_2ddc _cDB |
||
| 999 |
_c227489 _d227489 |
||